From Babylon to Bethlehem: (Record no. 2483)

000 -LEADER
fixed length control field 00688nam a2200193 a 4500
001 - CONTROL NUMBER
control field :::00000208$&:&@@
003 - CONTROL NUMBER IDENTIFIER
control field OkBaRHE
005 - DATE AND TIME OF LATEST TRANSACTION
control field 20000607103236.0
008 - FIXED-LENGTH DATA ELEMENTS--GENERAL INFORMATION
fixed length control field s1929 j 000 0 eng u
040 ## - CATALOGING SOURCE
Transcribing agency
100 1# - MAIN ENTRY--PERSONAL NAME
Personal name McGinty, C. Lamar (Claudius Lamar), 1885-
245 10 - TITLE STATEMENT
Title From Babylon to Bethlehem:
Remainder of title a survey of interbiblical history.
260 ## - PUBLICATION, DISTRIBUTION, ETC. (IMPRINT)
Place of publication, distribution, etc Nashville, TN., :
Name of publisher, distributor, etc Sunday School Board of the Southern Baptist Convention
Date of publication, distribution, etc c1929
300 ## - PHYSICAL DESCRIPTION
Extent 243 p. ;
Dimensions 19 cm.
650 ## - SUBJECT ADDED ENTRY--TOPICAL TERM
Topical term or geographic name as entry element Bible
General subdivision History
-- Intertestamental
650 ## - SUBJECT ADDED ENTRY--TOPICAL TERM
Topical term or geographic name as entry element Intertestamental History
942 ## - ADDED ENTRY ELEMENTS (KOHA)
Source of classification or shelving scheme
Koha item type Books
Copies
Damaged status Shelving location Lost status Koha item type Not for loan Barcode Source of classification or shelving scheme Permanent Location Withdrawn status Date acquired Date last seen Full call number Copy number Price effective from
 General Stacks Books 208 RHEMA Bible Training College 2010-04-142010-04-14BM 176 .M33612010-04-14